Phương pháp giải các bài toán hình học họa hình
Cuốn sách là cách giải bài tập hình họa theo từng bước một, sẽ trình bày đầu bài toán trên một hình, bước thứ nhất trên một hình thứ hai, bước giải thứ hai trên hình thứ ba và kết quả là hình cuối cùng....
Đã lưu trong:
| 主要作者: | |
|---|---|
| 格式: | 图书 |
| 语言: | Undetermined |
| 出版: |
Hà Nội
Khoa học và Kỹ thuật
2006
|
| 主题: | |
| 标签: |
添加标签
没有标签, 成为第一个标记此记录!
|
| Thư viện lưu trữ: | Trung tâm Học liệu Trường Đại học Cần Thơ |
|---|
| LEADER | 00956nam a2200217Ia 4500 | ||
|---|---|---|---|
| 001 | CTU_129208 | ||
| 008 | 210402s9999 xx 000 0 und d | ||
| 020 | |c 28000 | ||
| 082 | |a 516.6 | ||
| 082 | |b Nh502 | ||
| 100 | |a Phạm, Văn Nhuần | ||
| 245 | 0 | |a Phương pháp giải các bài toán hình học họa hình | |
| 245 | 0 | |c Phạm Văn Nhuần | |
| 260 | |a Hà Nội | ||
| 260 | |b Khoa học và Kỹ thuật | ||
| 260 | |c 2006 | ||
| 520 | |a Cuốn sách là cách giải bài tập hình họa theo từng bước một, sẽ trình bày đầu bài toán trên một hình, bước thứ nhất trên một hình thứ hai, bước giải thứ hai trên hình thứ ba và kết quả là hình cuối cùng. | ||
| 650 | |a Geometry, descriptive | ||
| 650 | |x Problems, exercises, etc. | ||
| 904 | |i Minh | ||
| 980 | |a Trung tâm Học liệu Trường Đại học Cần Thơ | ||